| 000 | 01251nam0a22003011 4500 | ||
|---|---|---|---|
| 001 | rc\3398837 | ||
| 005 | 20250609191004.0 | ||
| 021 |
_aRU _b71-26033 |
||
| 021 |
_aRU _bРг8924-71 |
||
| 035 | _a(NLR Aleph) 007462325 | ||
| 090 |
_a7330185 _c7330185 |
||
| 100 | _a20130115d1971 |||y0rusy50 ca | ||
| 101 | 0 | _arus | |
| 102 | _aRU | ||
| 105 | _ay z ||||| | ||
| 200 | 1 | _aВ.И. Ленин о социалистической законности | |
| 210 |
_aАлма-Ата _cБ. и. _d1971 |
||
| 215 |
_a[1], 21 с. _d20 |
||
| 225 | 1 | _aОбщество "Знание" Казахской ССР. Научно-методический совет по пропаганде знаний о государстве и праве. Материал в помощь лектору | |
| 300 | _aПеред загл. авт.: З.О. Ашитов, канд. юрид. наук | ||
| 532 | 1 | 0 | _aВладимир Ильич Ленин о социалистической законности |
| 700 | 1 |
_aАшитов _bЗ.О. _gЗаирхан Омарович |
|
| 702 | 1 |
_aЛенин _bВ.И. _f1870-1924 _gВладимир Ильич _4570 |
|
| 801 | 0 |
_aRU _bNLR _gpsbo |
|
| 801 | 1 |
_aRU _bELAR _2rusmarc |
|
| 852 |
_aNLR _j71-4/14983 |
||
| 942 | _cBOOK | ||
| 980 | _aNB | ||